000
00313nam a22001337a 4500
008
180905b xxu||||| |||| 00| 0 eng d
020
_a
9780500251294
041
_a
eng
080
_a
941
100
_a
16
101
_a
HIS
245
_a
The Seventy Great Journesys In History
_c
Hudson.th
942
_2
udc
_c
BK
999
_c
47541
_d
47541